Crítica de la razón práctica /

Immanuel Kant (1724-1804), filósofo alemán. Realizó estudios de Física y Matemáticas y ejerció la docencia en lógica y metafísica en la Universidad de Königsberg. Con sus planteamientos inauguró una nueva teoría del conocimiento y una nueva moral. En la presente obra plantea los fundamentos de su si...

Celý popis

Uloženo v:
Podrobná bibliografie
Hlavní autor: Kant, Immanuel (autor)
Médium: Kniha
Jazyk:španělština
Vydáno: Buenos Aires, Argentina : Losada, 1968, c1961
Vydání:2a edición
Témata:
Tagy: Přidat tag
Žádné tagy, Buďte první, kdo vytvoří štítek k tomuto záznamu!

MARC

LEADER 00000nam^a2200000^a^4500
001 000259653
005 20250521000000.0
009 20260526133549.862
037 |a Acervo Xavier Clavigero 
041 |a ESP 
082 |a 142. 3  |b KAN OBR CRP 
100 |a Kant, Immanuel  |e (autor) 
240 1 1 |a [Crítica de la razón práctica] 
245 1 0 |a Crítica de la razón práctica /  |c I. Kant ; tr. por J. Rovira Armengol. 
250 |a 2a edición 
264 4 |a Buenos Aires, Argentina :  |b Losada,  |c 1968, c1961 
300 |a 175 p. 
336 |a texto  |b txt  |2 rdacontenido 
337 |a sin mediación  |b n  |2 rdamedio 
338 |a volumen  |b nc  |2 rdasoporte 
500 |a Traducción de: Kritik der praktischen Vernunft 
520 |a Immanuel Kant (1724-1804), filósofo alemán. Realizó estudios de Física y Matemáticas y ejerció la docencia en lógica y metafísica en la Universidad de Königsberg. Con sus planteamientos inauguró una nueva teoría del conocimiento y una nueva moral. En la presente obra plantea los fundamentos de su sistema ético que se basa en la idea de que la razón es la autoridad última de la moral, pues lo que cuenta en sí no son los hechos, sino el motivo del actuar. 
649 |a XX 
650 |a Libertad 
650 |a Voluntad -  |x Filosofía 
650 |a Virtudes 
650 |a Razón 
650 |a Epistemología 
650 |a Etica -  |x Tema Principal 
650 |a Criticismo -  |x Tema Principal 
650 |a Filosofía Moderna 
650 |a Filosofía Alemana 
910 |a Fondo General 
920 |a Impresos - Libros 
930 |a Colección General 
905 |a 101 
901 |a 0500122446  |b IT1  |c ACC  |u 20250521 
901 |a 015472  |b IT1  |c ACC  |u 20250521 
902 |a https://opac.biblio.iteso.mx/vufind/Record/000259653